| 000 | 01477nam a2200253 a 4500 | ||
|---|---|---|---|
| 001 | 81684 | ||
| 003 | BD-RjUL | ||
| 005 | 20230814104556.0 | ||
| 008 | 230814s1991 bgt||||| m||| 00| 0 ben d | ||
| 035 | _a(BD-RjUL)81684 | ||
| 040 |
_aBD-RjUL _bben / eng _cBD-RjUL _dBD-RjUL |
||
| 041 | _aben | ||
| 082 |
_223 _a891.44309 _bHOB 1991 |
||
| 100 | _aহোসেন, খন্দকার ফরহাদ | ||
| 245 | 1 | 0 |
_aবাংলা কথাসাহিত্যে শওকত ওসমান (১৯৪৭-১৯৮৬) / _cখন্দকার ফরহাদ হোসেন ; _6তত্ত্বাবধায়ক : মোহাম্মদ আব্দুল আউয়াল |
| 260 |
_aরাজশাহী : _bবাংলা বিভাগ, রাজশাহী বিশ্ববিদ্যালয়, _c১৯৯১ |
||
| 300 |
_a[৬], ৩২৫ পাতা ; _c২৯ সেমি. |
||
| 502 | _aথিসিস (এম. ফিল.) -- বাংলা বিভাগ, রাজশাহী বিশ্ববিদ্যালয়, ১৯৯১ | ||
| 504 | _aগ্রন্থপঞ্জী : পাতা ৩১১-৩২৫ | ||
| 650 |
_aবাংলা সাহিত্যে _vইতিহাস ও সমালোচনা _97217 |
||
| 650 |
_aBengali literature _vHistory and Criticism |
||
| 700 |
_aআউয়াল, মোহাম্মদ আব্দুল, তত্ত্বাবধায়ক _98337 |
||
| 942 |
_2ddc _cTHE |
||
| 999 |
_c81684 _d81684 |
||